000 00790nam a2200253Ia 4500
003 OSt
005 20220918222451.0
006 a|||||r|||| 00| 0
007 ta
008 220917b |||||||| |||| 00| 0 eng d
024 _a216,988
037 _cTextual
040 _aARTS
_cARTS
_beng
041 _2eng
_aeng
082 _aR39(F)xN03:g, N8
100 _aKrakauer Eric L
_9143237
245 0 _aDisposition of the subject
_b reading Adorno's dialectic of technology
260 _aEvanston
_bNorthwestern Univ. Press
_c1998
300 _axvii, 211p
_ccm.
490 _aStudies in Phenomenology and Existential Philosophy
650 _aPHILOSOPHERS; ADORNO, THEDOR W
_9143238
942 _hR39(F)xN03:g, N8
_cTEXL
_2CC
999 _c275613
_d275613